Titres des épisodes de Black Mirror - Statistiques

Statistiques générales
  • Ce quiz a été pris 52 fois
  • Le résultat moyen est 15 sur 33
Statistiques - réponses
Réponses % Correct
Tais-toi et danse
71%
Black Museum
68%
USS Callister
68%
Chute libre
61%
San Junipero
61%
Blanc comme neige
58%
La chasse
58%
L'Hymne national
58%
Retour sur image
58%
15 millions de mérites
52%
Arkange
52%
Crocodile
48%
Hang the DJ
48%
Joan est horrible
48%
Hôtel Rêverie
45%
Le Show de Waldo
45%
Smithereens
45%
Bientôt de retour
42%
Metalhead
42%
Bête Noire
39%
Des gens ordinaires
39%
Eulogie
39%
Haine virtuelle
39%
Loch Henry
39%
Playtest
39%
Démon 79
32%
Mazey Day
32%
USS Callister : Au cœur d'Infinity
32%
Mon cœur pour la vie
29%
De simples jouets
26%
Rachel, Jack et Ashley Too
26%
Striking Vipers
26%
Tuer sans état d'âme
23%
Aucun quiz correspondant
Distribution des résultats
% des personnes avec chaque résultat
Percentile par nombre de réponses
Votre historique - résultats
Vous n’avez pas pris ce quiz